000 00671nam a2200229Ia 4500
003 OSt
005 20221006164632.0
006 a|||||r|||| 00| 0
007 ta
008 221006b |||||||| |||| 00| 0 hin d
024 _a3,729
037 _cTextual
040 _aFML
_cFML
_bhin
041 _2hin
_ahin
082 _aO152, 1I55 : g, Q1
100 _aUpadhyay Shrikant Ed.
_9677956
245 0 _aBage Anhad Toor
_b Kabir ke Utkristha Pad evem Saakhiyan
260 _aNew Delhi
_bNation Publication House
_c2011
300 _a336
_ccm.
942 _hO152, 1I55 : g, Q1
_cTEXL
_2CC
999 _c1117925
_d1117925